[Event "European Rapid 2017"]
[Site "Katowice POL"]
[Date "2017.12.16"]
[Round "3.4"]
[White "Pulpan, Jakub"]
[Black "Caprino, Marco"]
[Result "1-0"]
[WhiteTitle "IM"]
[WhiteElo "2400"]
[BlackElo "2154"]
[WhiteFideId "302759"]
[BlackFideId "841323"]
[EventDate "2017.12.16"]

1. e4 c5 2. Nf3 g6 3. c3 Bg7 4. d4 cxd4 5. cxd4 d5 6. e5 a6 7. h3 Nc6 8. Nc3 f6
9. exf6 Nxf6 10. Bd3 Qd6 11. O-O O-O 12. Re1 e6 13. Ne5 Nh5 14. Nxc6 bxc6 15.
Be3 e5 16. Bf1 e4 17. Na4 Nf4 18. Nb6 Rb8 19. Nxc8 Rbxc8 20. Bxa6 Ra8 21. Bf1
Ne6 22. a3 c5 23. dxc5 Nxc5 24. Bc4 Rad8 25. Rc1 Rf5 26. g4 dxc4 27. Qxd6 Rxd6
28. gxf5 Nd3 29. Red1 Rc6 30. fxg6 Rxg6+ 31. Kf1 Nxc1 32. Bxc1 Rb6 33. Rd2 c3
34. Rd8+ Kf7 35. b4 Ke7 36. Bg5+ Ke6 37. Rc8 Kf5 38. Rc5+ Be5 39. Be3 Rd6 40.
Ke2 Ke6 41. a4 Ra6 42. a5 Bd6 43. Rc4 Kd5 44. Rd4+ Ke5 45. Kd1 Be7 46. Kc2 Bf6
47. Rc4 Kd5 48. Rc5+ Kd6 49. Kb3 Ra8 50. b5 Rxa5 51. Rc6+ Ke7 52. b6 Rb5+ 53.
Kc4 Rb1 54. Kd5 Rd1+ 55. Kxe4 Rb1 56. Kf5 Rb5+ 57. Bc5+ Kd7 58. Rc7+ Ke8 59.
Kxf6 c2 60. Bd4 Rd5 61. b7 Rb5 62. Ke6 Kf8 63. Rc8# 1-0

[Event "European Rapid 2017"]
[Site "Katowice POL"]
[Date "2017.12.16"]
[Round "3.79"]
[White "Cieslar, Michal"]
[Black "Maier, Christian"]
[Result "1-0"]
[BlackTitle "IM"]
[WhiteElo "2032"]
[BlackElo "2393"]
[WhiteFideId "1141066"]
[BlackFideId "4601955"]
[EventDate "2017.12.16"]

1. e4 e5 2. Nf3 Nc6 3. Bc4 Bc5 4. O-O Nf6 5. d3 a6 6. c3 Ba7 7. b4 d6 8. Be3 O-O
9. Qb3 Ne7 10. Nbd2 b5 11. Bxf7+ Rxf7 12. Ng5 Qe8 13. d4 exd4 14. cxd4 d5 15.
Nxf7 Qxf7 16. e5 Ng4 17. h3 Nxe3 18. fxe3 Qg6 19. Rf3 Be6 20. Raf1 Bb6 21. Kh2
h6 22. Qc3 Kh8 23. g4 Qg5 24. Rf8+ Rxf8 25. Rxf8+ Kh7 26. Nf3 Qg6 27. Nh4 Qb1
28. Re8 Ng6 29. Ng2 Bf7 30. Ra8 Ne7 31. Qd2 Qf1 32. Rf8 g5 33. e6 c6 34. Nf4 Ng6 1-0

[Event "European Rapid 2017"]
[Site "Katowice POL"]
[Date "2017.12.16"]
[Round "3.80"]
[White "Sadzikowski, Daniel"]
[Black "Paprocki, Jaroslaw"]
[Result "1-0"]
[WhiteTitle "GM"]
[WhiteElo "2584"]
[BlackElo "2184"]
[WhiteFideId "1132253"]
[BlackFideId "1122274"]
[EventDate "2017.12.16"]

1. e4 e5 2. Nf3 Nc6 3. Bb5 Bc5 4. O-O Nf6 5. c3 O-O 6. d4 Bb6 7. Bg5 h6 8. Bh4
d6 9. Qc1 Bd7 10. dxe5 dxe5 11. Rd1 Qe7 12. Bxf6 gxf6 13. Qxh6 Bg4 14. Bxc6 bxc6
15. Nbd2 Rfd8 16. Qh4 Be6 17. Nxe5 Bxf2+ 18. Qxf2 fxe5 19. Qg3+ Kh7 20. Qxe5
Rab8 21. Nf3 Rb5 22. Qf4 Rg8 23. b3 Rh5 24. Kh1 Rg4 25. Qd2 f5 26. exf5 Bd5 27.
c4 Be4 28. Re1 Qg7 29. Rxe4 Rxe4 30. Rd1 Rg4 31. Qc2 Qf6 32. h3 Rg3 33. Qe4 Qxf5
34. Rd7+ Rg7 35. Rxg7+ Kxg7 36. Qxc6 Qf4 37. Qd7+ Kf8 38. Qd1 Rh6 39. Qd4 Qc1+
40. Kh2 Rd6 41. Qh8+ Ke7 42. Qg7+ Ke8 43. Qe5+ Kd7 44. Qf5+ Ke8 45. Ne5 1-0

[Event "European Rapid 2017"]
[Site "Katowice POL"]
[Date "2017.12.16"]
[Round "3.81"]
[White "Rigopoulos-Tsigkos, Alexandros"]
[Black "Sabuk, Piotr"]
[Result "1-0"]
[BlackTitle "IM"]
[WhiteElo "2117"]
[BlackElo "2382"]
[WhiteFideId "4215109"]
[BlackFideId "1137565"]
[EventDate "2017.12.16"]

1. e4 e5 2. Nf3 Nc6 3. Bb5 a6 4. Ba4 Nf6 5. Nc3 b5 6. Bb3 Be7 7. d3 d6 8. h3 Na5
9. O-O O-O 10. Re1 Bb7 11. Ne2 Re8 12. Ng3 Bf8 13. Bg5 h6 14. Bd2 Nxb3 15. axb3
g6 16. Qc1 Kh7 17. c4 Bg7 18. Nh2 c5 19. f4 exf4 20. Bxf4 Nd7 21. Ng4 h5 22. Ne3
Ne5 23. Qd2 Nc6 24. Ne2 Qf6 25. Nd5 Qxb2 26. Qxb2 Bxb2 27. Ra2 Be5 28. Nc7 Nb4
29. Rd2 bxc4 30. bxc4 a5 31. Nxe8 Rxe8 32. Bxe5 dxe5 33. Nc3 f5 34. Ra1 Ra8 35.
Na4 Rc8 36. Nb6 Rc6 37. Nd5 Ra6 38. Nc7 Rc6 39. Nd5 Ra6 40. Nxb4 cxb4 41. Rda2
b3 42. Rxa5 b2 43. Rxa6 Bxa6 44. Rb1 fxe4 45. dxe4 Bxc4 46. Rxb2 Bd3 47. Rb4 h4
48. Kf2 Kh6 49. Ke3 Bf1 50. Rb2 Kg5 51. Rd2 Bc4 52. Rc2 Bf1 53. Rb2 Kf6 54. Rf2+ 1-0

[Event "European Rapid 2017"]
[Site "Katowice POL"]
[Date "2017.12.16"]
[Round "3.82"]
[White "Pultinevicius, Paulius"]
[Black "Bablok, Maciej"]
[Result "1-0"]
[WhiteTitle "IM"]
[WhiteElo "2371"]
[BlackElo "2130"]
[WhiteFideId "12809390"]
[BlackFideId "1112112"]
[EventDate "2017.12.16"]

1. e4 d6 2. d4 Nf6 3. Nc3 g6 4. Nf3 Bg7 5. h3 O-O 6. Be2 c6 7. O-O Qc7 8. a4
Nbd7 9. a5 e5 10. d5 c5 11. a6 b6 12. Nd2 Nb8 13. Bb5 Qe7 14. Nc4 Ne8 15. f4 f6
16. Bc6 Nxc6 17. dxc6 Be6 18. Nd5 Qd8 19. f5 gxf5 20. exf5 Bf7 21. Na3 Nc7 22.
c4 Be8 23. Nb5 Nxb5 24. cxb5 Rf7 25. Ra3 Bf8 26. Rg3+ Rg7 27. c7 Qc8 28. Nxf6+
Kh8 29. Rxg7 Kxg7 30. Nxe8+ Qxe8 31. f6+ Kh8 32. f7 Qxb5 33. Qg4 Bg7 34. c8=Q+ 1-0

[Event "European Rapid 2017"]
[Site "Katowice POL"]
[Date "2017.12.16"]
[Round "3.83"]
[White "Krasenkova, Ilena"]
[Black "Sieciechowicz, Marcin"]
[Result "1/2-1/2"]
[WhiteTitle "WIM"]
[BlackTitle "IM"]
[WhiteElo "2123"]
[BlackElo "2387"]
[WhiteFideId "4119037"]
[BlackFideId "1130170"]
[EventDate "2017.12.16"]

1. d4 Nf6 2. c4 g6 3. Nc3 d5 4. cxd5 Nxd5 5. e4 Nxc3 6. bxc3 Bg7 7. Bc4 c5 8.
Be3 Nc6 9. Ne2 O-O 10. O-O Qc7 11. Rc1 e6 12. e5 b6 13. f4 Bb7 14. Rf2 Rfd8 15.
Qe1 Ne7 16. Ng3 Rac8 17. a4 Qd7 18. Bb5 Bc6 19. dxc5 Bxb5 20. axb5 Qxb5 21. cxb6
axb6 22. Rb1 Qc6 23. Bxb6 Rd3 24. Bd4 h5 25. Qe2 Qc4 26. Ne4 Nf5 27. Qf1 Bf8 28.
Nd2 Qa6 29. Ra1 Qb5 30. Rb1 Qa6 31. Ra1 Qb5 32. c4 Qd7 33. Qxd3 Nxd4 34. Kf1 Rd8
35. Ne4 Kg7 36. c5 Qc7 37. Qc4 Nf5 38. Re2 Rd4 39. Qc2 Qc6 40. Rae1 Ra4 41. Qb1
h4 42. Qb6 Qd5 43. Qb5 Rd4 44. Qb2 Be7 45. Qa2 Ne3+ 46. Kg1 Qxa2 47. Rxa2 Rxe4
48. c6 Rc4 49. Rxe3 Bc5 50. Kf2 Rxf4+ 51. Ke2 Bxe3 52. Kxe3 Rc4 53. Ra6 g5 54.
h3 Kg6 55. Kd3 Rc1 56. Ke4 Kg7 57. Rb6 Kh6 58. Rb7 Kg6 59. Rc7 Rc2 60. Rc8 Kg7
61. c7 Rc4+ 62. Kf3 Kh7 63. Ke3 Kg7 64. Kd3 Rc1 65. Kd2 Rc5 66. Kd3 Kh7 67. Ke3
Kg7 68. Ke2 Rxe5+ 69. Kf3 Rc5 70. Kg4 Kf6 71. Kh5 Rc1 72. Kg4 Rc5 73. Kh5 Rc4
74. Kh6 Rc5 75. Kh5 Rc4 76. Kh6 e5 77. Kh5 Kf5 78. Rg8 Rxc7 79. Rxg5+ Ke6 80.
Kxh4 f5 81. Rg6+ Kd5 82. Kg5 Ke4 83. h4 Rc2 84. g3 f4 85. gxf4 exf4 86. Re6+ Kf3
87. h5 Rg2+ 88. Kf5 Rh2 89. h6 Kg3 90. Kg6 f3 1/2-1/2

[Event "European Rapid 2017"]
[Site "Katowice POL"]
[Date "2017.12.16"]
[Round "3.84"]
[White "Kazakovskiy, Valeriy"]
[Black "Nestorenko, Dmitry"]
[Result "1-0"]
[WhiteTitle "IM"]
[WhiteElo "2422"]
[BlackElo "2253"]
[WhiteFideId "13507443"]
[BlackFideId "14129728"]
[EventDate "2017.12.16"]

1. d4 f5 2. Bg5 Nf6 3. Bxf6 exf6 4. e3 d5 5. c4 Be6 6. cxd5 Bxd5 7. Nc3 Bf7 8.
Qf3 Qc8 9. Bd3 g6 10. g4 fxg4 11. Qxf6 Rg8 12. h3 Be7 13. Qf4 gxh3 14. Nb5 Na6
15. Rxh3 g5 16. Qh2 h5 17. Rc1 Kd8 18. Rf3 Be6 19. Qxh5 c6 20. Qh7 Qd7 21. Nc3
g4 22. Rf4 Bg5 23. Qxd7+ Kxd7 24. Re4 Nb4 25. Be2 Raf8 26. a3 Nd5 27. Bxg4 Bxg4
28. Rxg4 Nf6 29. Rg2 Bh4 30. Rxg8 Nxg8 31. Rc2 Nh6 32. Nd1 Ng4 33. Re2 Kd6 34.
Kf1 Nf6 35. Nf3 Rh8 36. Nc3 Nd7 37. Nxh4 Rxh4 38. Kg2 b6 39. Kg3 Rh7 40. e4 Rg7+
41. Kf3 Rf7+ 42. Ke3 c5 43. dxc5+ Nxc5 44. Rd2+ Kc6 45. f4 Rh7 46. f5 Rh3+ 47.
Kf4 Nd3+ 48. Kg5 Kd7 49. Kg4 Re3 50. Nd1 Rxe4+ 51. Kf3 Rf4+ 52. Ke3 Rxf5 53.
Rxd3+ Kc6 54. Nc3 Rh5 55. Kd2 Rh2+ 56. Kc1 a6 57. Rg3 Kc5 58. Rg4 b5 59. b4+ Kb6
60. Rg6+ Kb7 61. Rd6 Rg2 62. Rd2 Rg3 63. Kc2 Rh3 64. Rd3 Rh2+ 65. Kb3 Kc6 66.
Rg3 Rh6 67. a4 bxa4+ 68. Kxa4 Rh5 69. Rg6+ Kb7 70. Ne4 a5 71. bxa5 Rh4 72. Re6
Ka7 73. Kb5 Rh5+ 74. Nc5 Rg5 75. Re7+ Ka8 76. Kb6 Rg6+ 77. Ne6 Rg8 78. Re8+ Rxe8
79. Nc7+ Kb8 80. Nxe8 1-0

[Event "European Rapid 2017"]
[Site "Katowice POL"]
[Date "2017.12.16"]
[Round "3.85"]
[White "Bugalski, Michal"]
[Black "Krzyzanowski, Marcin"]
[Result "1-0"]
[BlackTitle "IM"]
[WhiteElo "2263"]
[BlackElo "2457"]
[WhiteFideId "1122134"]
[BlackFideId "1132199"]
[EventDate "2017.12.16"]

1. e4 c5 2. c3 g6 3. d4 cxd4 4. cxd4 Bg7 5. Nc3 d6 6. h3 Nf6 7. Nf3 O-O 8. Be3
Nc6 9. Be2 e5 10. O-O exd4 11. Nxd4 Re8 12. Nxc6 bxc6 13. Qd2 Be6 14. Rfd1 d5
15. exd5 Nxd5 16. Nxd5 Bxd5 17. Rac1 Qe7 18. b3 Rad8 19. Qa5 Qh4 20. Bc4 Qe4 21.
Bxd5 cxd5 22. Bg5 f6 23. Re1 Qf5 24. Rxe8+ Rxe8 25. Be3 g5 26. Rd1 Re5 27. Qxa7
g4 28. hxg4 Qxg4 29. Rxd5 Rxd5 30. Qa8+ Kf7 31. Qxd5+ Kg6 32. Qd3+ f5 33. Qd6+
Bf6 34. Qg3 Qxg3 35. fxg3 Kh5 36. a4 Bc3 37. Bb6 Kg4 38. a5 Be5 39. a6 Bb8 40.
a7 Bxa7 41. Bxa7 Kxg3 42. b4 1-0

[Event "European Rapid 2017"]
[Site "Katowice POL"]
[Date "2017.12.16"]
[Round "3.86"]
[White "Ustianovich, Nazar"]
[Black "Brzezinski, Mateusz"]
[Result "1-0"]
[WhiteTitle "FM"]
[WhiteElo "2366"]
[BlackElo "2164"]
[WhiteFideId "14109778"]
[BlackFideId "1177117"]
[EventDate "2017.12.16"]

1. d4 Nf6 2. c4 g6 3. Nc3 d5 4. cxd5 Nxd5 5. Bd2 Nb6 6. Bg5 Bg7 7. e3 O-O 8. Nf3
Nc6 9. Be2 Bf5 10. O-O Qd7 11. h3 h6 12. Bf4 g5 13. Bh2 Nd5 14. Nxd5 Qxd5 15.
Bxc7 Rac8 16. Bh2 Nb4 17. a3 Nc2 18. Rc1 Qb3 19. e4 Bg6 20. Nd2 Qxb2 21. Nc4
Rxc4 22. Bxc4 Nxd4 23. Rb1 Qxa3 24. Rxb7 Bxe4 25. Rd7 Qc5 26. Rc7 Qa3 27. Re1
Bg6 28. Rexe7 Bf6 29. Red7 Qb2 30. Bd6 Re8 31. Rxf7 Ne2+ 32. Qxe2 Qxe2 33. Rf8# 1-0

[Event "European Rapid 2017"]
[Site "Katowice POL"]
[Date "2017.12.16"]
[Round "3.87"]
[White "Vykouk, Jan"]
[Black "Kubica, Kamil"]
[Result "1-0"]
[WhiteTitle "FM"]
[WhiteElo "2435"]
[BlackElo "2166"]
[WhiteFideId "349658"]
[BlackFideId "1146360"]
[EventDate "2017.12.16"]

1. e4 e5 2. Nf3 Nc6 3. Bb5 a6 4. Ba4 Nf6 5. O-O Nxe4 6. d4 b5 7. Bb3 d5 8. dxe5
Be6 9. c3 Bc5 10. Nbd2 O-O 11. Bc2 Nxf2 12. Rxf2 f6 13. exf6 Bxf2+ 14. Kxf2 Qxf6
15. Kg1 Bg4 16. Qe2 Rae8 17. Qd3 Ne5 18. Qxh7+ Kf7 19. Qh4 Qb6+ 20. Qf2 Bxf3 21.
Qxb6 cxb6 22. Nxf3 Nxf3+ 23. gxf3 Re1+ 24. Kf2 Rfe8 25. Bd3 Rh1 26. Bf1 Rxh2+
27. Bg2 Re6 28. Bf4 Rh5 29. Re1 Rxe1 30. Kxe1 Ke6 31. Be3 Ke5 32. Bxb6 Kf4 33.
Kf2 g5 34. Be3+ Kf5 35. Kg3 Rh8 36. Bh3+ Kg6 37. Bd4 Re8 38. Kf2 Rd8 39. Bg4 Re8
40. Bd7 Rd8 41. Be6 a5 42. a3 Rd6 43. Bg4 Kf7 44. Ke3 Rh6 45. b4 Ke7 46. bxa5
Kd6 47. a6 Kc6 48. Bc8 Kc7 49. a7 g4 50. a8=Q gxf3 51. Qb7+ 1-0

[Event "European Rapid 2017"]
[Site "Katowice POL"]
[Date "2017.12.16"]
[Round "3.88"]
[White "Nikitenko, Mihail"]
[Black "Jaracz, Barbara"]
[Result "1-0"]
[WhiteTitle "IM"]
[BlackTitle "WGM"]
[WhiteElo "2361"]
[BlackElo "2245"]
[WhiteFideId "13506862"]
[BlackFideId "1107453"]
[EventDate "2017.12.16"]

1. e4 e5 2. Nf3 Nc6 3. Bb5 a6 4. Ba4 Nf6 5. d3 d6 6. c4 Be7 7. h3 h6 8. Be3 Be6
9. Nc3 O-O 10. Nd5 Nd7 11. Qd2 f5 12. Bxh6 gxh6 13. Qxh6 Bxd5 14. cxd5 Nb4 15.
Qg6+ Kh8 16. O-O-O Nc5 17. h4 Rf6 18. Qh5+ Kg7 19. Rh3 f4 20. Ng5 Qh8 21. Qg4
Rg6 22. Bd7 Bxg5 23. hxg5 Qd8 24. Rdh1 Qxg5 25. Rh7+ Kf6 26. Qxg5+ Kxg5 27.
R1h5+ Kf6 28. Rf5# 1-0

[Event "European Rapid 2017"]
[Site "Katowice POL"]
[Date "2017.12.16"]
[Round "3.89"]
[White "Kiratzopoulos, Efthimios"]
[Black "Kusiak, Matej"]
[Result "0-1"]
[WhiteElo "2204"]
[BlackElo "2280"]
[WhiteFideId "4207629"]
[BlackFideId "14911213"]
[EventDate "2017.12.16"]

1. d4 b6 2. e4 Bb7 3. Bd3 d6 4. Nf3 Nd7 5. O-O e5 6. Nc3 Ngf6 7. Bg5 Be7 8. dxe5
dxe5 9. Qe2 O-O 10. Bxf6 Bxf6 11. Rad1 Qe7 12. Ba6 Bxa6 13. Qxa6 Nc5 14. Qc4 c6
15. a4 Qe6 16. Qxe6 Nxe6 17. Rd6 Rac8 18. Rfd1 Rfd8 19. Rd7 Rxd7 20. Rxd7 Rc7
21. Rd1 Kf8 22. b3 Ke7 23. g3 Rd7 24. Rxd7+ Kxd7 25. Kf1 a5 26. Ke2 Kd6 27. Kd3
Kc5 28. Ne2 b5 29. Kc3 Kb6 30. axb5 cxb5 31. Nd2 Be7 32. Kb2 Bc5 33. f4 Be3 34.
Nf1 exf4 35. Nxe3 fxe3 36. Kc3 Kc5 37. Kd3 a4 38. bxa4 bxa4 39. Nc3 a3 40. Kxe3
Kc4 41. Na2 Nd4 42. Kf4 Nxc2 43. Ke5 Nb4 44. Nc1 Nd3+ 0-1

[Event "European Rapid 2017"]
[Site "Katowice POL"]
[Date "2017.12.16"]
[Round "3.90"]
[White "Wiewiora, Eneasz"]
[Black "Hatzl, Johannes"]
[Result "1-0"]
[WhiteTitle "FM"]
[WhiteElo "2320"]
[BlackElo "2063"]
[WhiteFideId "1140396"]
[BlackFideId "1610600"]
[EventDate "2017.12.16"]

1. e4 d5 2. exd5 Qxd5 3. Nc3 Qd6 4. d4 Nf6 5. Nb5 Qd8 6. Bf4 Nd5 7. Bg3 c6 8.
Na3 Be6 9. c3 g6 10. Nf3 Bg7 11. Be2 O-O 12. O-O h6 13. Re1 Nd7 14. Bd3 Bg4 15.
h3 Bh5 16. Bh2 Bxf3 17. Qxf3 a6 18. Rad1 e6 19. Nc4 Qf6 20. Qxf6 Bxf6 21. Nd6 b5
22. Bg3 Rfd8 23. Be2 N7b6 24. Nb7 Re8 25. Bf3 Be7 26. Na5 Rac8 27. Nb7 Kg7 28.
Kf1 Na4 29. Rd2 Ra8 30. Na5 Rac8 31. Rde2 Bg5 32. Nxc6 Rxc6 33. Bxd5 Rcc8 34.
Bb7 Rcd8 35. Bxa6 Ra8 36. Bxb5 Rec8 37. a3 Ra5 38. Bd7 Rca8 39. Bxa4 Rxa4 40.
Re5 Bf6 41. Rb5 Rc8 42. Rb7 Kf8 43. Bd6+ Kg8 44. Be5 Bg5 45. Re2 Ra6 46. g3 h5
47. h4 Bh6 48. Kg2 Raa8 49. Bf6 Bf8 50. Re5 Bh6 51. Reb5 Re8 52. Be5 1-0

[Event "European Rapid 2017"]
[Site "Katowice POL"]
[Date "2017.12.16"]
[Round "3.91"]
[White "Lindam, Ingo"]
[Black "Schulz, Karsten"]
[Result "1-0"]
[BlackTitle "FM"]
[WhiteElo "2112"]
[BlackElo "2293"]
[WhiteFideId "24699756"]
[BlackFideId "4611446"]
[EventDate "2017.12.16"]

1. d4 d6 2. Nf3 Nf6 3. g3 Nbd7 4. Bg2 e5 5. O-O Be7 6. c4 O-O 7. Nc3 c6 8. e4
Qc7 9. h3 a6 10. Be3 b5 11. b3 b4 12. Na4 Nxe4 13. Nxe5 Nxf2 14. Rxf2 dxe5 15.
d5 Bb7 16. d6 Bxd6 17. Rd2 c5 18. Rxd6 Rad8 19. Bxb7 Nf6 20. Rxd8 Rxd8 21. Bd5
e4 22. Bf4 Qe7 23. Qd2 h6 24. Rd1 Re8 25. Be3 Qe5 26. Qf2 Qh5 27. Qf1 Re5 28.
Rd2 Rf5 29. Rf2 Rxf2 30. Bxf2 Nxd5 31. cxd5 Qxd5 32. Nxc5 Qd2 33. Qe1 Qxa2 34.
Qxe4 Qa1+ 35. Kg2 a5 36. Qe8+ 1-0

[Event "European Rapid 2017"]
[Site "Katowice POL"]
[Date "2017.12.16"]
[Round "3.92"]
[White "Zawadzka, Jolanta"]
[Black "Masternak, Aleksander"]
[Result "1-0"]
[WhiteTitle "WGM"]
[WhiteElo "2424"]
[BlackElo "2193"]
[WhiteFideId "1122320"]
[BlackFideId "1103350"]
[EventDate "2017.12.16"]

1. e4 d6 2. d4 Nf6 3. Nc3 e5 4. Nf3 Nbd7 5. Bc4 Be7 6. a4 a5 7. Ng5 O-O 8. Bxf7+
Rxf7 9. Ne6 Qe8 10. Nxc7 Qd8 11. Nxa8 exd4 12. Qxd4 d5 13. Nxd5 Nxd5 14. Qxd5
Bc5 15. O-O Qe7 16. Bg5 Qe5 17. Qxe5 Nxe5 18. Rad1 Nc6 19. Be3 Bxe3 20. fxe3 Re7
21. Rf4 Be6 22. Nb6 h6 23. Nd5 Rd7 24. Rf2 Ne5 25. b3 1-0

[Event "European Rapid 2017"]
[Site "Katowice POL"]
[Date "2017.12.16"]
[Round "3.93"]
[White "Marczuk, Dominik"]
[Black "Costachi, Mihnea"]
[Result "0-1"]
[BlackTitle "IM"]
[WhiteElo "2278"]
[BlackElo "2441"]
[WhiteFideId "1111264"]
[BlackFideId "1217518"]
[EventDate "2017.12.16"]

1. e4 e5 2. Nf3 Nc6 3. Bc4 Bc5 4. O-O d6 5. c3 Nf6 6. d3 a6 7. Bb3 Ba7 8. Nbd2
h6 9. Re1 g5 10. Nf1 g4 11. N3d2 h5 12. Nc4 h4 13. Nce3 Bd7 14. Nd5 Nxd5 15.
exd5 Qf6 16. Be3 Bxe3 17. Rxe3 Ne7 18. f3 Qg5 19. Qe2 O-O-O 20. Nd2 f5 21. Rf1
Ng6 22. fxg4 Nf4 23. Qf3 fxg4 24. Qe4 Bf5 25. Qc4 g3 26. Rxf4 exf4 27. Rf3 gxh2+
28. Kxh2 Rdg8 0-1

[Event "European Rapid 2017"]
[Site "Katowice POL"]
[Date "2017.12.16"]
[Round "3.94"]
[White "Meissner, Felix"]
[Black "Tuomainen, Felix"]
[Result "1-0"]
[WhiteTitle "FM"]
[BlackTitle "FM"]
[WhiteElo "2333"]
[BlackElo "2174"]
[WhiteFideId "24671827"]
[BlackFideId "1720813"]
[EventDate "2017.12.16"]

1. e4 e6 2. d4 d5 3. Nd2 c5 4. exd5 Qxd5 5. Ngf3 cxd4 6. Bc4 Qd7 7. O-O a6 8. a4
Qc7 9. Nxd4 Nf6 10. Qf3 Bd6 11. h3 O-O 12. Bb3 Nbd7 13. c3 Ne5 14. Qe2 b6 15.
Bc2 Bb7 16. Ne4 Nxe4 17. Bxe4 Ng6 18. Nxe6 fxe6 19. Bxb7 Qxb7 20. Qxe6+ Kh8 21.
Qxd6 Rf6 22. Qg3 Ne7 23. f3 Nf5 24. Qf2 Rg6 25. Bf4 Rf8 26. Rad1 Qc6 27. a5 bxa5
28. Kh1 a4 29. Rfe1 Re6 30. Rxe6 Qxe6 31. Qc5 Re8 32. Qd5 Qe2 33. Qd3 Qe6 34.
Kh2 h6 35. c4 Qf6 36. c5 Nh4 37. Bg3 Nf5 38. Bd6 Re3 39. Qd5 Nxd6 40. cxd6 Re8
41. Qd4 Qe6 42. d7 Rd8 43. Qxa4 Qe5+ 44. Kh1 Qxb2 45. Qxa6 Kh7 46. Qd3+ Kh8 47.
Qd4 Qb3 48. Qd6 Qf7 49. Kh2 Kh7 50. Qd3+ Kh8 51. Qd4 Kh7 52. Rd2 Kh8 53. Qd6 Kh7
54. Rd4 Kh8 55. Kh1 Kh7 56. Qc7 Qf6 57. Rd1 Qe7 58. Qd6 Qf7 59. Qd5 Qe7 60. Qd3+
Kh8 61. Qd2 Kh7 62. Qd6 Qf7 63. Kh2 Kh8 64. f4 Kh7 65. Qd3+ Kh8 66. f5 Qf6 67.
Qd5 Qg5 68. Kh1 Qh5 69. Re1 Kh7 70. Qe6 Qg5 71. Qe7 1-0

[Event "European Rapid 2017"]
[Site "Katowice POL"]
[Date "2017.12.16"]
[Round "3.95"]
[White "Tomczak, Mikolaj"]
[Black "Motycakova, Monika"]
[Result "1/2-1/2"]
[WhiteTitle "FM"]
[BlackTitle "WFM"]
[WhiteElo "2372"]
[BlackElo "2133"]
[WhiteFideId "1175114"]
[BlackFideId "14909626"]
[EventDate "2017.12.16"]

1. d4 d5 2. c4 c6 3. Nf3 Nf6 4. e3 Bg4 5. Nc3 e6 6. h3 Bxf3 7. Qxf3 Bb4 8. Bd3
Nbd7 9. O-O O-O 10. a3 Ba5 11. Bd2 Re8 12. Rad1 Bc7 13. e4 dxe4 14. Nxe4 Nxe4
15. Bxe4 Nf6 16. Bg5 Qd6 17. g3 Nxe4 18. Qxe4 h6 19. Be3 Rad8 20. a4 Qe7 21. Qc2
Rd7 22. b4 a6 23. Qb3 Red8 24. b5 axb5 25. axb5 Bb8 26. Kg2 e5 27. d5 cxd5 28.
Rxd5 Rxd5 29. cxd5 Rc8 30. Rc1 Rxc1 31. Bxc1 Bd6 32. Be3 Qc7 33. b6 Qc8 34. g4
f5 35. gxf5 Qxf5 36. Qc4 e4 37. Qb5 Qf3+ 38. Kg1 Kh7 39. Qd7 Qd1+ 40. Kg2 Qf3+
41. Kg1 Qd1+ 42. Kg2 Qf3+ 1/2-1/2

[Event "European Rapid 2017"]
[Site "Katowice POL"]
[Date "2017.12.16"]
[Round "3.96"]
[White "Lavendelis, Egons"]
[Black "Siekanska, Izabela"]
[Result "1-0"]
[WhiteTitle "FM"]
[WhiteElo "2278"]
[BlackElo "2110"]
[WhiteFideId "11601647"]
[BlackFideId "1104730"]
[EventDate "2017.12.16"]

1. e4 e6 2. f4 d5 3. e5 c5 4. Nf3 Nc6 5. c3 f6 6. exf6 Nxf6 7. d4 Qb6 8. Bd3 Bd7
9. dxc5 Bxc5 10. Qe2 a5 11. Nbd2 O-O 12. Nb3 Bd6 13. Be3 Qc7 14. Nc5 Rae8 15.
Nxd7 Qxd7 16. O-O-O e5 17. fxe5 Nxe5 18. Bb5 Nc6 19. Qd3 Qg4 20. Bg5 Bf4+ 21.
Bxf4 Qxf4+ 22. Kb1 Re3 23. Qd2 Ne7 24. Rhf1 Ne4 25. Qc2 Qc7 26. Nd4 Rxf1 27.
Rxf1 Qe5 28. Nf3 Qc7 29. Nd4 Nd6 30. Bd3 g6 31. Qf2 Qd8 1-0

[Event "European Rapid 2017"]
[Site "Katowice POL"]
[Date "2017.12.16"]
[Round "3.97"]
[White "Dziodzio, Angelika"]
[Black "Ondrus, Martin"]
[Result "0-1"]
[WhiteTitle "WFM"]
[WhiteElo "2125"]
[BlackElo "2261"]
[WhiteFideId "1170643"]
[BlackFideId "14913330"]
[EventDate "2017.12.16"]

1. c4 e5 2. Nc3 Nf6 3. g3 d5 4. cxd5 Nxd5 5. Bg2 Nb6 6. Nf3 Nc6 7. O-O Be7 8. d3
O-O 9. a3 Be6 10. b4 f6 11. Bb2 Re8 12. Rc1 Qd7 13. Ne4 Nd5 14. Nfd2 a5 15. b5
Nd4 16. a4 b6 17. Nc4 Rad8 18. Ned2 Nb4 19. f4 Bc5 20. Kh1 exf4 21. Rxf4 Nxe2
22. Qxe2 Bxc4 23. Qf1 Bxd3 24. Qf3 Re2 25. Ne4 Rxb2 26. Nxf6+ gxf6 27. Rxf6 Rf2 0-1

[Event "European Rapid 2017"]
[Site "Katowice POL"]
[Date "2017.12.16"]
[Round "3.98"]
[White "Mikrut, Dariusz"]
[Black "Krzywda, Andrzej"]
[Result "1-0"]
[WhiteTitle "IM"]
[WhiteElo "2375"]
[BlackElo "2171"]
[WhiteFideId "1112791"]
[BlackFideId "1114565"]
[EventDate "2017.12.16"]

1. d4 Nf6 2. c4 e6 3. Nf3 d5 4. Bg5 Be7 5. Nc3 h6 6. Bh4 O-O 7. e3 Nbd7 8. Qc2
c5 9. cxd5 Nxd5 10. Bxe7 Nxe7 11. Bd3 cxd4 12. exd4 Nb6 13. O-O Nbd5 14. Bc4 b6
15. Rad1 Bb7 16. Ne5 Rc8 17. Qd2 Qd6 18. Ne4 Qb4 19. Qxb4 Nxb4 20. Nd6 Rc7 21.
Nb5 Rcc8 22. Nxa7 Ra8 23. Nb5 Nxa2 24. Nd7 Rfd8 25. Nxb6 Ra6 26. Ra1 Rxb6 27.
Rxa2 Bd5 28. b3 Nc6 29. Rd1 Bxc4 30. bxc4 Nxd4 31. Kf1 e5 32. Rad2 Rc8 33. Nxd4
exd4 34. Rxd4 Rc5 35. R1d2 Rb4 36. Rc2 Kf8 37. g4 Ke7 38. Kg2 Kf6 39. Rf4+ Kg6
40. h3 f6 41. Rc3 Kg5 42. Kg3 h5 43. Rd4 hxg4 44. hxg4 Ra4 45. f3 Kg6 46. Kf4
Re5 47. Re4 Rc5 48. Ke3 f5 49. gxf5+ Kxf5 50. Kd3 Ra1 51. Kd4 Raa5 52. Rce3 g6
53. Re8 Kf6 54. R3e6+ Kf7 55. R8e7+ Kf8 56. Rb7 g5 57. Rd6 Rc8 58. Rd5 Rxd5+ 59.
cxd5 Rc1 60. Ke5 Rf1 61. d6 Rxf3 62. Rb8+ Kf7 63. d7 Re3+ 64. Kd4 1-0

[Event "European Rapid 2017"]
[Site "Katowice POL"]
[Date "2017.12.16"]
[Round "3.99"]
[White "Koscielski, Janusz"]
[Black "Zaleski, Lukasz"]
[Result "1-0"]
[WhiteTitle "FM"]
[WhiteElo "2339"]
[BlackElo "2229"]
[WhiteFideId "4614437"]
[BlackFideId "1172611"]
[EventDate "2017.12.16"]

1. e4 e6 2. d4 d5 3. Nd2 Nf6 4. Bd3 dxe4 5. Nxe4 Nbd7 6. Nf3 Nxe4 7. Bxe4 Nf6 8.
Bd3 c5 9. O-O cxd4 10. Nxd4 Bc5 11. Nb3 Be7 12. Qe2 O-O 13. Bg5 Qc7 14. Rad1 Rd8
15. c3 Bd7 16. Nd4 Be8 17. Bc2 Rd5 18. f4 Rad8 19. Bb3 R5d6 20. f5 Nd5 21. Bxe7
Qxe7 22. fxe6 fxe6 23. Nf5 Qc7 24. Nxd6 Qxd6 25. c4 Qb6+ 26. Qf2 Nf4 27. Rxd8 1-0